Normal view MARC view

Entry Topical Term

Number of records used in: 1

001 - CONTROL NUMBER

  • control field: 26952

003 - CONTROL NUMBER IDENTIFIER

  • control field: dpl

005 - DATE AND TIME OF LATEST TRANSACTION

  • control field: 20110401151044.0

008 - FIXED-LENGTH DATA ELEMENTS

  • fixed length control field: 110401|||a|||||| | ||| d

040 ## - CATALOGING SOURCE

  • Original cataloging agency: dpl
  • Transcribing agency: dpl

150 ## - HEADING--TOPICAL TERM

  • Topical term or geographic name as entry element: Art
  • Geographic subdivision: India
  • General subdivision: Psychology.

670 ## - SOURCE DATA FOUND

  • Source citation: Work cat.: (dpl)0: Bénisti, Mireille 26950, Stylistics of Buddhist art in India /, 2003

670 ## - SOURCE DATA FOUND

  • Source citation: Work cat.: (dpl)0: Bénisti, Mireille 26950, Stylistics of Buddhist art in India /, 2003

© Delhi Public Library
Hit Counter
free hit counter